000 00309nam a2200133Ia 4500
008 240624s9999 xx 000 0 und d
041 _aeng
082 _a823 CON
100 _aCONNELLY MICHAEL
245 _aLOST LIGHT
260 _c2009
_aLondon
_bOrion Books
300 _a341 : p. : cm. ; 20
365 _cRS
999 _c20901
_d20901